| 000 | 00789nam a2200229Ia 4500 | ||
|---|---|---|---|
| 003 | GCL | ||
| 008 | 140319s9999 xx 000 0 ara d | ||
| 020 | _a500296977 | ||
| 040 |
_aGCL / _cGCL |
||
| 082 | 0 | 4 |
_a296.834 _bم ص |
| 100 | 1 | _aمحمود دياب | |
| 245 | 1 | 0 |
_aالصهيونية العالمية والرد على الفكر الصهيونى المعاصر / _cمحمود دياب |
| 260 |
_aالقاهرة : _bمطبوعات الشعب |
||
| 300 |
_a357 ص ؛ _c24 سم |
||
| 650 | 0 | 4 | _aالصهيونية |
| 650 | 0 | 4 | _aقضية فلسطين |
| 650 | 0 | 4 | _aالصراع الاسرائيلى فى مصر |
| 650 | 0 | 4 | _aاللاجئين |
| 650 | 0 | 4 | _aالفكر الصهيونى المعاصر |
| 650 | 0 | 4 | _aالاندلس - العرب واليهود |
| 942 |
_2ddc _cBK |
||
| 999 |
_c29245 _d29245 |
||